000 00494nab a2200145Ia 4500
003 ES-SlBCS
005 20210601133741.0
008 140529s2009 xxu||||| |||| 00| 0 por d
041 _apor
100 1 _aPaiva, Maria Olímpia A. de
_9209209
245 0 0 _aConflitos na escola: a importância da amabilidade na negociaçao
_c Maria Olímpia A. de Paiva
650 0 4 _aConflictos Escolares
_9209210
773 0 _tEducaçao e Filosofia
_gvol. 23, nº. 46, 2009, págs. 145-168
_wRev1534
942 _cAR
999 _c601518
_d601518